000 00950nam a2200217Ia 4500
005 20240530110955.0
008 140319s2007 xx 000 0 ara d
040 _aGCL /
_cGCL
082 0 4 _a657.48 /
_bم د
100 1 _aمنصور احمد البديوى
245 1 2 _aدراسات فى الاتجاهات الحديثة فى المراجعة مع تطبيقات عملية على معايير المراجعة المصرية والدولية /
_cتاليف منصور احمد البديوى ، شحاته السيد شحاته
260 _aالاسكندرية :
_bالدار الجامعية،
_c2007
300 _a434 ص؛
_c24 سم
650 0 4 _aالمحاسبة
650 0 4 _aالشركات - محاسبة
650 0 4 _aالمراجعة
650 0 4 _aالمحاسبة المالية
700 _aشحاته السيد شحاته
_eمؤلف مشارك
942 _2ddc
_cBK
999 _c67073
_d67073